Physiology and Anatomy for Nurses and Healthcare Practitioners : (Record no. 13571)
[ view plain ]
| 000 -LEADER | |
|---|---|
| fixed length control field | 01188cam a22002895a 4500 |
| 001 - CONTROL NUMBER | |
| control field | 16010828 |
| 005 - DATE AND TIME OF LATEST TRANSACTION | |
| control field | 20091208114309.0 |
| 008 - FIXED-LENGTH DATA ELEMENTS--GENERAL INFORMATION | |
| fixed length control field | 091207s2009 enk |r 001 0 eng |
| 010 ## - LIBRARY OF CONGRESS CONTROL NUMBER | |
| LC control number | 2009288705 |
| 020 ## - INTERNATIONAL STANDARD BOOK NUMBER | |
| International Standard Book Number | 9780340967591 |
| 040 ## - CATALOGING SOURCE | |
| Original cataloging agency | DLC |
| Transcribing agency | DLC |
| Modifying agency | DLC |
| 082 ## - DEWEY DECIMAL CLASSIFICATION NUMBER | |
| Edition number | 22 |
| Classification number | 612 |
| Item number | CLA |
| 100 1# - MAIN ENTRY--PERSONAL NAME | |
| Personal name | Clancy, John, |
| Titles and other words associated with a name | PGCE. |
| 9 (RLIN) | 12184 |
| 245 10 - TITLE STATEMENT | |
| Title | Physiology and Anatomy for Nurses and Healthcare Practitioners : |
| Remainder of title | A Homeostatic Approach / |
| Statement of responsibility, etc | John Clancy, Andrew J. McVicar |
| 250 ## - EDITION STATEMENT | |
| Edition statement | 3rd ed. |
| 260 ## - PUBLICATION, DISTRIBUTION, ETC. (IMPRINT) | |
| Place of publication, distribution, etc | London : |
| Name of publisher, distributor, etc | Hodder Arnold, 2009 |
| Date of publication, distribution, etc | 2009 |
| 300 ## - PHYSICAL DESCRIPTION | |
| Extent | 724 p. : |
| Other physical details | ill. ; |
| Dimensions | 28 cm |
| 504 ## - BIBLIOGRAPHY, ETC. NOTE | |
| Bibliography, etc | Includes bibliographical references and index |
| 650 #0 - SUBJECT ADDED ENTRY--TOPICAL TERM | |
| Topical term or geographic name as entry element | Human physiology. |
| 9 (RLIN) | 12185 |
| 650 #0 - SUBJECT ADDED ENTRY--TOPICAL TERM | |
| Topical term or geographic name as entry element | Human anatomy. |
| 9 (RLIN) | 12186 |
| 650 #0 - SUBJECT ADDED ENTRY--TOPICAL TERM | |
| Topical term or geographic name as entry element | Homeostasis. |
| 9 (RLIN) | 12187 |
| 700 1# - ADDED ENTRY--PERSONAL NAME | |
| Personal name | McVicar, Andrew J. |
| 9 (RLIN) | 12188 |
| 856 42 - ELECTRONIC LOCATION AND ACCESS | |
| Materials specified | Publisher description |
| Uniform Resource Identifier | <a href="http://www.loc.gov/catdir/enhancements/fy1003/2009288705-d.html">http://www.loc.gov/catdir/enhancements/fy1003/2009288705-d.html</a> |
| 942 ## - ADDED ENTRY ELEMENTS (KOHA) | |
| Source of classification or shelving scheme | Dewey Decimal Classification |
| Item type | |
| Withdrawn status | Item status | Source of classification or shelving scheme | Damaged status | Not for loan | Vendor | Home library | Current library | Shelving location | Date acquired | Source of acquisition | Cost, normal purchase price | Serial Enumeration / chronology | Total Checkouts | Total Renewals | Full call number | Barcode | Date last seen | Date last borrowed | Koha item type |
|---|---|---|---|---|---|---|---|---|---|---|---|---|---|---|---|---|---|---|---|
| Dewey Decimal Classification | Academic Bookshop | Central Library | Central Library | First floor | 03/03/2010 | 269.90 | 3698 | 9 | 8 | 612 CLA | 000020076 | 15/07/2025 | 09/05/2011 | NB - Book (Non borrowing) |